|
|
|
|
| LEADER |
00000nab a2200000 a 4500 |
| 001 |
vtls000022540 |
| 003 |
SK-MaSNL |
| 005 |
20260303180107.0 |
| 008 |
111103c1978 xo 0 slo |
| 015 |
|
|
|a SNBRB19rr/mm-uuuuu
|
| 035 |
|
|
|a CL0032634
|
| 040 |
|
|
|a SNKBUCL
|b slo
|c SNKBUCL
|e AACR2
|
| 041 |
0 |
|
|a slo
|
| 044 |
|
|
|a xo
|c SK
|
| 080 |
|
|
|a 82(091):894.612.4 (470.67)"19":92
|2 1981
|
| 080 |
|
|
|a 894.612.4 (470.67)"19"
|2 1981
|
| 080 |
|
|
|a 92 Alijevová, Fazu
|2 1981
|
| 100 |
1 |
|
|a Turkin, Vladimír
|4 aut
|9 1205473
|
| 245 |
1 |
0 |
|a Strom dobra. /Alijevová, Fazu/
|c Vladimír Turkin
|
| 600 |
1 |
7 |
|a Alijeva, Fazu,
|d 1932-
|2 snkbucl
|9 1205472
|
| 650 |
0 |
7 |
|a sovietska literatúra
|2 snkbucl
|9 22300
|
| 655 |
|
7 |
|a články z novín a časopisov
|2 snkbucl
|9 267496
|
| 655 |
|
7 |
|a články z odboru literárna veda a krásna literatúra
|2 snkbucl
|9 770045
|
| 773 |
0 |
|
|t Sovětská literatura
|g Č. 11 (1978), s. 113-115
|
| 850 |
|
|
|a Slovenská národná knižnica v Martine
|a MTA001
|
| 852 |
|
|
|a SNK
|b KIS3GCP
|
| 958 |
|
|
|a RK
|
| 958 |
|
|
|a LX
|
| 958 |
|
|
|a SK
|
| 992 |
|
|
|a RBX
|
| 999 |
|
|
|c 2104739
|d 2106669
|